Minería y sociedad en el centro minero de Santa Eulalia, Chihuahua, 1709-1750 (Record no. 748)

MARC details
000 -CABECERA
campo de control de longitud fija 00962nam a2200253 a 4500
001 - NÚMERO DE CONTROL
campo de control BRCA_853
005 - FECHA Y HORA DE LA ÚLTIMA TRANSACCIÓN
campo de control 20190320203158.0
008 - DATOS DE LONGITUD FIJA--INFORMACIÓN GENERAL
campo de control de longitud fija 841113s1979 mx-a---##b---#000-0#spa-#
020 ## - NÚMERO INTERNACIONAL ESTÁNDAR DEL LIBRO
Número Internacional Estándar del Libro 9681603451
040 ## - FUENTE DE LA CATALOGACIÓN
Centro catalogador/agencia de origen DLC
Centro/agencia transcriptor DLC
Centro/agencia modificador DLC
041 ## - CÓDIGO DE LENGUA
Código de lengua del texto/banda sonora o título independiente spaeng
050 #4 - SIGNATURA TOPOGRÁFICA DE LA BIBLIOTECA DEL CONGRESO
Número de clasificación HD9536.M4
Número de documento/Ítem .H33 1979
100 1# - ENTRADA PRINCIPAL--NOMBRE DE PERSONA
Nombre de persona Hadley, Phillip Lance
9 (RLIN) 2846
245 10 - MENCIÓN DE TÍTULO
Título Minería y sociedad en el centro minero de Santa Eulalia, Chihuahua, 1709-1750
Mención de responsabilidad, etc. Phillip L. Hadley ; traducción de Roberto Gómez Ciriza.
260 ## - PUBLICACIÓN, DISTRIBUCIÓN, ETC.
Lugar de publicación, distribución, etc. México
Nombre del editor, distribuidor, etc. FCE
Fecha de publicación, distribución, etc. 1979
300 ## - DESCRIPCIÓN FÍSICA
Extensión 241 p.
Otras características físicas il.
Dimensiones 21 cm.
440 #0 - MENCIÓN DE SERIE/PUNTO DE ACCESO ADICIONAL--TÍTULO
Título Sección de obras de historia
9 (RLIN) 2847
500 ## - NOTA GENERAL
Nota general Incluye índice de cuadros e índice de mapas
500 ## - NOTA GENERAL
Nota general Traducción de : Mining and Society in the Santa Eulalia Mining Complex, Chihuahua, México, 1709-1750
504 ## - NOTA DE BIBLIOGRAFÍA, ETC.
Nota de bibliografía, etc. Bibliografía: p. 230-235
650 14 - PUNTO DE ACCESO ADICIONAL DE MATERIA--TÉRMINO DE MATERIA
Término de materia o nombre geográfico como elemento de entrada Minas de plata
Subdivisión geográfica México
9 (RLIN) 2848
651 #4 - PUNTO DE ACCESO ADICIONAL DE MATERIA--NOMBRE GEOGRÁFICO
Nombre geográfico Santa Eulalia
Subdivisión general Condiciones sociales
Subdivisión geográfica Chihuahua, México
9 (RLIN) 2849
942 ## - ELEMENTOS DE PUNTO DE ACCESO ADICIONAL (KOHA)
Fuente del sistema de clasificación o colocación Library of Congress Classification
Tipo de ítem Koha Libros
Holdings
Estado de retiro Estado de pérdida Estado dañado No para préstamo Localización permanente Ubicación/localización actual Fecha de adquisición Total de préstamos Signatura topográfica completa Código de barras Fecha visto por última vez Precio válido a partir de Tipo de ítem Koha
El ejemplar forma parte de la colección y puede ser consultado según las políticas vigentes.       Biblioteca del Museo Franz Mayer (Rogerio Casas-Alatriste) Biblioteca del Museo Franz Mayer (Rogerio Casas-Alatriste) 26/06/2008   HD9536.M4 .H33 1979 01324 22/03/2019 22/03/2019 Libros